| 000 -LEADER |
| fixed length control field |
00726nam a22001577a 4500 |
| 003 - CONTROL NUMBER IDENTIFIER |
| control field |
OSt |
| 005 - DATE AND TIME OF LATEST TRANSACTION |
| control field |
20151005143359.0 |
| 008 - FIXED-LENGTH DATA ELEMENTS--GENERAL INFORMATION |
| fixed length control field |
151005b xxu||||| |||| 00| 0 eng d |
| 040 ## - CATALOGING SOURCE |
| Transcribing agency |
RUA |
| 082 ## - DEWEY DECIMAL CLASSIFICATION NUMBER |
| Classification number |
AVM MOM 2001 B072 Or.1 |
| 100 ## - MAIN ENTRY--PERSONAL NAME |
| 9 (RLIN) |
2046 |
| Personal name |
MOM, VARIN. |
| 245 ## - TITLE STATEMENT |
| Title |
Study on fattening pig after weaning providing of house waste in so vyra farm at preak leap, ការសិក្សាលើការចិញ្ចឹមជ្រូកយកសត្វគ្រោយពេលផ្តាច់ដោះដោុយសំណលផ្ទះបាយ នៅស្ថានីយ៏ សូ វីរ៉ា ព្រែកលៀប |
| 260 ## - PUBLICATION, DISTRIBUTION, ETC. (IMPRINT) |
| Place of publication, distribution, etc. |
Phnom Penh |
| Name of publisher, distributor, etc. |
RUA |
| Date of publication, distribution, etc. |
2001 |
| 300 ## - PHYSICAL DESCRIPTION |
| Extent |
vi; 36p. |
| Other physical details |
ill. |
| Dimensions |
29cm. |
| 942 ## - ADDED ENTRY ELEMENTS (KOHA) |
| Source of classification or shelving scheme |
|
| Koha item type |
AVM |